Normal view
MARC view
- ANOOPA P. S
Entry Personal Name
001 - CONTROL NUMBER
- control field: 3395
003 - CONTROL NUMBER IDENTIFIER
- control field: OSt
005 - DATE AND TIME OF LATEST TRANSACTION
- control field: 20180928103656.0
008 - FIXED-LENGTH DATA ELEMENTS
- fixed length control field: 180928|| aca||aabn | a|a d
040 ## - CATALOGING SOURCE
- Original cataloging agency: OSt
- Transcribing agency: OSt
100 ## - HEADING--PERSONAL NAME
- Personal name: ANOOPA P. S
670 ## - SOURCE DATA FOUND
- Source citation: Work cat.: (OSt)15004: ANOOPA P. S MIJILRAJ M. G REMYA P. RAJ, Estimation if irrigation water requirement - a GIS based approach
